ʻAllāmah Iqbāl ke cand nādir nāyāb k̲h̲ut̤ūt̤ / (Record no. 355169)
[ view plain ]
| 000 -LEADER | |
|---|---|
| fixed length control field | 01613cam a2200397 i 4500 |
| 001 - CONTROL NUMBER | |
| control field | 18415221 |
| 003 - CONTROL NUMBER IDENTIFIER | |
| control field | USPCAS-E |
| 005 - DATE AND TIME OF LATEST TRANSACTION | |
| control field | 20191204125002.0 |
| 008 - FIXED-LENGTH DATA ELEMENTS--GENERAL INFORMATION | |
| fixed length control field | 141223s2015 pk b 001 0durd |
| 010 ## - LIBRARY OF CONGRESS CONTROL NUMBER | |
| LC control number | 2014324203 |
| 020 ## - INTERNATIONAL STANDARD BOOK NUMBER | |
| International Standard Book Number | 9789695623503 |
| 025 ## - OVERSEAS ACQUISITION NUMBER | |
| Overseas acquisition number | P-U-2014324203; 15 |
| 037 ## - SOURCE OF ACQUISITION | |
| Source of stock number/acquisition | Library of Congress -- Islamabad Overseas Office |
| Terms of availability | Rs 900.00 |
| 038 ## - RECORD CONTENT LICENSOR | |
| Staff Name | MSOHAIL |
| 040 ## - CATALOGING SOURCE | |
| Original cataloging agency | DLC |
| Language of cataloging | eng |
| Description conventions | rda |
| Transcribing agency | DLC |
| 042 ## - AUTHENTICATION CODE | |
| Authentication code | lcode |
| -- | pcc |
| 050 00 - LIBRARY OF CONGRESS CALL NUMBER | |
| Classification number | PK2199.I65 |
| Item number | Z4795 2015 |
| 066 ## - CHARACTER SETS PRESENT | |
| Alternate G0 or G1 character set | (3 |
| -- | (4 |
| 082 ## - DEWEY DECIMAL CLASSIFICATION NUMBER | |
| Classification number | PK2199.I65 |
| Author Mark | NAD-I 2015 |
| 245 00 - TITLE STATEMENT | |
| Linkage | 880-01 |
| Title | ʻAllāmah Iqbāl ke cand nādir nāyāb k̲h̲ut̤ūt̤ / |
| Statement of responsibility, etc. | [compiler] Ḍākṭar Nadīm Shafīq Malik. |
| 260 ## - PUBLICATION, DISTRIBUTION, ETC. | |
| Place of publication, distribution, etc. | Lahore: |
| Name of publisher, distributor, etc. | Fiction House; |
| Date of publication, distribution, etc. | c2015. |
| 300 ## - PHYSICAL DESCRIPTION | |
| Extent | 384 pages ; |
| Dimensions | 23 cm |
| 502 ## - DISSERTATION NOTE | |
| Dissertation note | . |
| 504 ## - BIBLIOGRAPHY, ETC. NOTE | |
| Bibliography, etc. note | Includes bibliographical references and index. |
| 520 ## - SUMMARY, ETC. | |
| Summary, etc. | Collection of articles on the unpublished letters of Sir Muhammad iqbal, 1877-1938. |
| 546 ## - LANGUAGE NOTE | |
| Language note | In Urdu. |
| 600 10 - SUBJECT ADDED ENTRY--PERSONAL NAME | |
| Personal name | Iqbal, Muhammad, |
| Titles and other words associated with a name | Sir, |
| Dates associated with a name | 1877-1938 |
| Form subdivision | Correspondence. |
| 9 (RLIN) | 1654 |
| 650 #0 - SUBJECT ADDED ENTRY--TOPICAL TERM | |
| Topical term or geographic name entry element | Authors, Urdu |
| Geographic subdivision | Pakistan |
| Form subdivision | Correspondence. |
| 9 (RLIN) | 1655 |
| 700 1# - ADDED ENTRY--PERSONAL NAME | |
| Linkage | 880-03 |
| Personal name | Malik, Nadeem Shafiq, |
| Relator term | compiler. |
| 9 (RLIN) | 336 |
| 880 00 - ALTERNATE GRAPHIC REPRESENTATION | |
| Linkage | 245-01/(3/r |
| Title | علّامه اقبال کے چند نادر ناياب خطوط / |
| c | [compiler] ڈاکٹر نديم شفيق ملک. |
| 880 #1 - ALTERNATE GRAPHIC REPRESENTATION | |
| Linkage | 264-02/(3/r |
| Title | لاهور : |
| b | فکشن هاؤس، |
| c | 2015. |
| 880 1# - ALTERNATE GRAPHIC REPRESENTATION | |
| Linkage | 700-03/(3/r |
| Title | ملک، نديم شفيق، |
| 906 ## - LOCAL DATA ELEMENT F, LDF (RLIN) | |
| a | 7 |
| b | cbc |
| c | origode |
| d | 3 |
| e | ncip |
| f | 20 |
| g | y-nonroman |
| 942 ## - ADDED ENTRY ELEMENTS (KOHA) | |
| Source of classification or shelving scheme | |
| Koha item type | Book |
| Withdrawn status | Lost status | Source of classification or shelving scheme | Damaged status | Not for loan | Permanent Location | Current Location | Date acquired | Total Checkouts | Full call number | Barcode | Date last seen | Price effective from | Koha item type |
|---|---|---|---|---|---|---|---|---|---|---|---|---|---|
| School of Civil and Environmental Engineering (SCEE) | School of Civil and Environmental Engineering (SCEE) | 12/04/2019 | 954.035 MAL | NIT-12711 | 12/04/2019 | 12/04/2019 | Book | ||||||
| School of Civil and Environmental Engineering (SCEE) | School of Civil and Environmental Engineering (SCEE) | 12/04/2019 | 954.035 MAL | NIT-12712 | 12/04/2019 | 12/04/2019 | Book |
